Murillo /

Guardado en:
Autor Principal: Valdivieso, Enrique
Formato: Libro
Publicado: Madrid : Alianza, 1993
Series:Alianza cien
Materias:
Etiquetas: Agregar Etiqueta
Sin Etiquetas, Sea el primero en etiquetar este registro!
LEADER 00516nam a22001935a 4500
001 CEM.cems008923
005 20100507114859.0
008 130507s1993##################000#0#####d
003 CEMS
082 0 4 |a 927 
100 1 |a Valdivieso, Enrique 
245 1 0 |a Murillo /  |c Enrique Valdivieso 
260 |a Madrid :  |b Alianza,  |c 1993 
300 |a 64 p. 
490 0 |a Alianza cien 
653 |a Biografías 
653 |a Murillo-biografía 
653 |a Pintura española 
859 |a CEMS  |b BIB. CEMS - 11 de abril  |h 927  |i M945  |p 18446.95  |t Ej.1